Tính toán thực hành cấu kiện bê tông cốt thép theo tiêu chuẩn TCXDVN 356-2005. Tập 2

שמור ב:
מידע ביבליוגרפי
מחבר ראשי: Nguyễn Đình Cống
פורמט: ספר
שפה:Vietnamese
יצא לאור: Xây dựng 2012
נושאים:
תגים: הוספת תג
אין תגיות, היה/י הראשונ/ה לתייג את הרשומה!
Thư viện lưu trữ: Mạng thư viện Đại học Đà Nẵng
LEADER 01064nam a2200313 a 4500
001 000003070
003 00877
005 20171229145311.0
008 171229s2012 vie
040 |a LSK 
041 0 |a VIE 
082 0 |a 624.18341  |b NG-C 
100 1 |a Nguyễn Đình Cống 
245 0 0 |a Tính toán thực hành cấu kiện bê tông cốt thép theo tiêu chuẩn TCXDVN 356-2005. Tập 2 
260 |b Xây dựng  |c 2012 
300 |a 234 pages  |c 27 cm. 
653 |a Bê tông cốt thép - Tính toán 
852 |a Phòng Đọc - Phòng Mượn 
901 |a 2 
927 |a Sách tham khảo 
OWN |a LSK 
AVA |a UDN50  |b LSK  |d 624.18341 NG-C  |e available  |t Error 5001 Not defined in file expand_doc_bib_avail.  |f 2  |g 0  |h N  |i 0  |k 1 
999 |a From the UDN01 
AVA |a UDN50  |b LSK  |d 624.18341 NG-C  |e available  |t Error 5001 Not defined in file expand_doc_bib_avail.  |f 2  |g 0  |h N  |i 0  |k 1 
TYP |a Monograph 
TYP |a Printed language 
980 |a Mạng thư viện Đại học Đà Nẵng